| 000 | 02394nam a22003737a 4500 | ||
|---|---|---|---|
| 001 | 103603 | ||
| 003 | KnowledgeUnlatched | ||
| 005 | 20210303105058.0 | ||
| 006 | m o d | ||
| 007 | cr u|||||||||| | ||
| 008 | 210129p20182019gw o u00| u eng d | ||
| 037 | _5BiblioBoard | ||
| 245 | 0 | 0 |
_aSport under Unexpected Circumstances _bViolence, Discipline, and Leisure in Penal and Internment Camps / _cGregor Feindt, Anke Hillbrenner, Dittmar Dahlmann. |
| 020 | _a9783666310522 | ||
| 029 | 1 | _ahttps://library.biblioboard.com/ext/api/media/a7097d89-fc9c-450b-9d80-64465123331f/assets/thumbnail.jpg | |
| 040 |
_aScCtBLL _cScCtBLL |
||
| 506 | 0 |
_aAccess copy available to the general public. _fUnrestricted _2star |
|
| 700 | 1 |
_aFeindt, Gregor _eeditor. |
|
| 700 | 1 |
_aHillbrenner, Anke _eeditor. |
|
| 700 | 1 |
_aDahlmann, Dittmar _eeditor. |
|
| 264 | 1 | _bVandenhoeck & Ruprecht, | |
| 300 | _a1 online resource (285 p.) | ||
| 520 | _aSport was an integral part of life in camps during the twentieth century, even in Nazi concentrations camps or in the Soviet Gulag. Traditionally perceived as a symbol of equality, play, and peacefulness, sport under such unexpected circumstances irritates most observers, back then and today. This volume studies the irritating fact of sport in penal and internment camps as an important insight into the history of camps. The authors enquire into case studies of sport being played in different forms of camps around the globe and throughout the twentieth century. They challenge our understanding of camps, question the dichotomy of insiders and outsiders, inner-camp hierarchies, and the everyday experience of violence. This fresh perspective complements the existing camp studies and gives way for the subjectivity of camp inmates and their action. | ||
| 588 | 0 | _aDescription based on print version record. | |
| 590 | _aKU Open Services | ||
| 650 | 7 |
_aHistory / Europe _2bisacsh |
|
| 650 | 0 | _aHistory | |
| 655 | 0 | _aElectronic books. | |
| 758 |
_iIs found in: _aKnowledge Unlatched _1https://openresearchlibrary.org/module/2774bc74-146a-484f-a7ba-ab1d6a09bbfb |
||
| 856 | 4 | 0 |
_uhttps://openresearchlibrary.org/content/a7097d89-fc9c-450b-9d80-64465123331f _zView this content on Open Research Library. _70 |
| 999 |
_c33517 _d33517 |
||